[Event "Abu Dhabi op"]
[Site "Abu Dhabi UAE"]
[Date "2016.08.23"]
[Round "3"]
[White "Thavandiran, Shiyam"]
[Black "Likhit, Chilukuri"]
[Result "1/2-1/2"]
[WhiteElo "2344"]
[BlackElo "2133"]
[PlyCount "135"]
[EventDate "2016.08.21"]
[EventType "swiss"]
[EventRounds "9"]
[EventCountry "UAE"]
[Source "Chessbase"]
[SourceDate "2016.09.02"]

1. e4 e6 2. d4 d5 3. Nc3 Bb4 4. a3 Bxc3+ 5. bxc3 dxe4 6. Qg4 Nf6 7. Qxg7 Rg8 8.
Qh6 Rg6 9. Qe3 b6 10. Ne2 Bb7 11. Nf4 Rg8 12. Bb5+ Nc6 13. c4 Qd6 14. c5 bxc5
15. dxc5 Qe5 16. Rb1 Ng4 17. Qe2 Qxc5 18. h3 Nf6 19. Be3 Qc3+ 20. Bd2 Qc5 21.
Be3 Qc3+ 22. Bd2 Qc5 23. O-O Nd5 24. Nxd5 Qxd5 25. Be3 Qf5 26. Kh1 Ke7 27. g4
Qf3+ 28. Qxf3 exf3 29. Ba4 Nd8 30. Rfd1 Bc6 31. Bc5+ Kf6 32. Bxc6 Nxc6 33. Rd3
e5 34. Rb7 e4 35. Rd7 Nd8 36. Be7+ Kg6 37. Rbxc7 Ne6 38. Rb7 Rgb8 39. Rxb8 Rxb8
40. Bb4 a5 41. Bxa5 Rb1+ 42. Kh2 e3 43. Kg3 e2 44. Kxf3 e1=Q 45. Bxe1 Rxe1 46.
Kg3 Re4 47. Rd6 Kg7 48. Rc6 Ra4 49. Rc3 Nd4 50. Kh4 Nb5 51. Rc6 Nxa3 52. Kg5
Nb5 53. c4 Nd4 54. Rc8 Nf3+ 55. Kf5 Ra2 56. Kf4 Nd4 57. Ke4 Ne6 58. f4 Re2+ 59.
Kf3 Nd4+ 60. Kg3 Re3+ 61. Kg2 Rc3 62. f5 h5 63. gxh5 Nxf5 64. Rc7 Nd6 65. h6+
Kxh6 66. Rc6 Rxc4 67. Rxd6+ Kg5 68. Rd5+ 1/2-1/2

[Event "Abu Dhabi op"]
[Site "Abu Dhabi UAE"]
[Date "2016.08.23"]
[Round "4"]
[White "Dargan, Paul AG"]
[Black "Thavandiran, Shiyam"]
[Result "0-1"]
[WhiteElo "2159"]
[BlackElo "2344"]
[PlyCount "78"]
[EventDate "2016.08.21"]
[EventType "swiss"]
[EventRounds "9"]
[EventCountry "UAE"]
[Source "Chessbase"]
[SourceDate "2016.09.02"]

1. e4 e6 2. d4 d5 3. Nd2 Nc6 4. Ngf3 Nf6 5. e5 Nd7 6. c3 f6 7. Bb5 fxe5 8. dxe5
a6 9. Bxc6 bxc6 10. Qa4 Nc5 11. Qg4 Qd7 12. O-O Qf7 13. Nd4 Bd7 14. Qe2 Be7 15.
f4 g6 16. Rf3 a5 17. b3 O-O 18. Ba3 a4 19. Bxc5 Bxc5 20. b4 Be7 21. Kh1 c5 22.
bxc5 Bxc5 23. g4 Rab8 24. Nf1 Ba7 25. f5 Bxd4 26. cxd4 exf5 27. Rc1 c6 28. g5
f4 29. h3 Bf5 30. Nd2 Rb2 31. Rxf4 Be4+ 32. Nxe4 Rxe2 33. Rxf7 Kxf7 34. Nf6 Rb8
35. Rf1 Ke7 36. Nxh7 Rxa2 37. h4 Rh8 38. Nf6 Rxh4+ 39. Kg1 Rxd4 0-1

[Event "Abu Dhabi op"]
[Site "Abu Dhabi UAE"]
[Date "2016.08.24"]
[Round "5"]
[White "Thavandiran, Shiyam"]
[Black "Savanovic, Aleksandar"]
[Result "1-0"]
[WhiteElo "2344"]
[BlackElo "2440"]
[PlyCount "85"]
[EventDate "2016.08.21"]
[EventType "swiss"]
[EventRounds "9"]
[EventCountry "UAE"]
[Source "Chessbase"]
[SourceDate "2016.09.02"]

1. e4 e5 2. Nf3 Nc6 3. Bb5 a6 4. Ba4 Nf6 5. d3 d6 6. c3 Be7 7. O-O O-O 8. Re1
b5 9. Bc2 Bg4 10. Nbd2 d5 11. h3 Bh5 12. Qe2 d4 13. Nf1 Nd7 14. g4 Bg6 15. Ng3
Nc5 16. Rd1 a5 17. Rb1 Re8 18. Bd2 Bf8 19. cxd4 exd4 20. Rbc1 Qd7 21. Nh4 Rad8
22. Bb1 Na4 23. Bf4 Nc5 24. Nhf5 a4 25. a3 Na5 26. Ba2 Rc8 27. Nxd4 Ncb3 28.
Bxb3 axb3 29. Ndf5 c5 30. d4 c4 31. Bd2 Nb7 32. Bc3 Nd6 33. Qf3 f6 34. Re1 Qc6
35. Re3 Nf7 36. h4 h6 37. Rce1 Qd7 38. Kh1 Nd8 39. Nh5 Kh7 40. d5 Nf7 41. Nfxg7
Bxg7 42. Nxg7 Ne5 43. Nxe8 1-0

[Event "Abu Dhabi op"]
[Site "Abu Dhabi UAE"]
[Date "2016.08.25"]
[Round "6"]
[White "Narayanan, Srinath"]
[Black "Thavandiran, Shiyam"]
[Result "1-0"]
[WhiteElo "2477"]
[BlackElo "2344"]
[PlyCount "61"]
[EventDate "2016.08.21"]
[EventType "swiss"]
[EventRounds "9"]
[EventCountry "UAE"]
[Source "Chessbase"]
[SourceDate "2016.09.02"]

1. e4 e6 2. d4 d5 3. Nd2 c5 4. exd5 exd5 5. Ngf3 Nc6 6. Bb5 cxd4 7. O-O Bd6 8.
Nb3 Nge7 9. Bg5 f6 10. Bh4 a6 11. Bd3 Be5 12. Nxe5 fxe5 13. Qh5+ Kf8 14. Rae1
Qe8 15. Bxe7+ Kxe7 16. Rxe5+ Nxe5 17. Qxe5+ Kf8 18. Qxd4 h5 19. Qxd5 Rh6 20.
Nc5 Qf7 21. Qd4 Qf6 22. Qd5 Qf7 23. Qd8+ Qe8 24. Qd4 Kg8 25. Be4 Kh8 26. Rd1
Rb8 27. f3 b6 28. Qe5 Bf5 29. Qxf5 bxc5 30. Rd6 Rb6 31. Rxb6 1-0

[Event "Abu Dhabi op"]
[Site "Abu Dhabi UAE"]
[Date "2016.08.27"]
[Round "7"]
[White "Thavandiran, Shiyam"]
[Black "Raetsky, Alexander"]
[Result "0-1"]
[WhiteElo "2344"]
[BlackElo "2384"]
[PlyCount "128"]
[EventDate "2016.08.21"]
[EventType "swiss"]
[EventRounds "9"]
[EventCountry "UAE"]
[Source "Chessbase"]
[SourceDate "2016.09.02"]

1. e4 e5 2. Nf3 Nf6 3. Nxe5 d6 4. Nf3 Nxe4 5. Nc3 Nxc3 6. dxc3 Be7 7. Bf4 O-O
8. Qd2 Nd7 9. O-O-O Nc5 10. h4 Bg4 11. Be2 Re8 12. Nd4 Ne4 13. Qe3 Bxe2 14.
Qxe2 Bf6 15. Qf3 Bxd4 16. Rxd4 Nc5 17. Be3 Re6 18. h5 h6 19. g4 Qe7 20. Re1 Re8
21. a3 Ne4 22. Rg1 b5 23. Kb1 a5 24. Rd5 c6 25. Rf5 f6 26. Rd1 Qb7 27. Bc1 d5
28. Qd3 Qe7 29. Qd4 Nd6 30. Rf4 Nc4 31. Ka2 Re2 32. Qd3 Re5 33. Rd4 Qf7 34. Bf4
Re4 35. b3 Nb6 36. Qd2 a4 37. Rxe4 Rxe4 38. Re1 Qe6 39. Re3 Nd7 40. f3 Rxe3 41.
Bxe3 Ne5 42. Qe2 Kf7 43. Bf4 Nd7 44. Qf2 c5 45. Qf1 axb3+ 46. cxb3 c4 47. bxc4
dxc4 48. Qf2 Nb6 49. Be3 Nd5 50. Bd4 Nf4 51. Be3 Nd3 52. Qd2 Qd5 53. f4 Qf3 54.
g5 Qxh5 55. gxf6 Kxf6 56. Qg2 Kf7 57. Bd4 Qe2+ 58. Qxe2 Nc1+ 59. Kb2 Nxe2 60.
Be5 h5 61. Kc2 Ng3 62. Bd4 g6 63. Kd1 Ke6 64. Bf2 Ne4 0-1

[Event "Abu Dhabi op"]
[Site "Abu Dhabi UAE"]
[Date "2016.08.28"]
[Round "8"]
[White "Patil, Pratik1"]
[Black "Thavandiran, Shiyam"]
[Result "1/2-1/2"]
[WhiteElo "2216"]
[BlackElo "2344"]
[PlyCount "87"]
[EventDate "2016.08.21"]
[EventType "swiss"]
[EventRounds "9"]
[EventCountry "UAE"]
[Source "Chessbase"]
[SourceDate "2016.09.02"]

1. e4 e6 2. d4 d5 3. Nd2 Nf6 4. e5 Nfd7 5. Bd3 c5 6. c3 b6 7. Ne2 Ba6 8. Bxa6
Nxa6 9. O-O Nc7 10. f4 f5 11. exf6 Nxf6 12. Nf3 Bd6 13. Ne5 O-O 14. Ng3 cxd4
15. Nc6 Qd7 16. Nxd4 a5 17. Qe2 b5 18. Bd2 b4 19. Rae1 Rfe8 20. Kh1 Kh8 21. Nf3
Qa4 22. Ng5 Re7 23. Be3 Qxa2 24. Bd4 Qa4 25. Nh5 Rf8 26. Qd3 Qe8 27. Re3 Qg6
28. Qxg6 hxg6 29. Nxf6 gxf6 30. Rfe1 Kg8 31. Nxe6 Rxe6 32. Rxe6 Nxe6 33. Rxe6
Bxf4 34. cxb4 axb4 35. g3 Be5 36. Bxe5 fxe5 37. Rxe5 Rf2 38. Rxd5 Rxb2 39. Rb5
Kg7 40. h4 b3 41. Rb6 Kh6 42. Rb5 Kg7 43. Rb6 Kh6 44. Rb5 1/2-1/2

[Event "Abu Dhabi op"]
[Site "Abu Dhabi UAE"]
[Date "2016.08.29"]
[Round "9"]
[White "Thavandiran, Shiyam"]
[Black "Troff, Kayden"]
[Result "1-0"]
[WhiteElo "2344"]
[BlackElo "2522"]
[PlyCount "121"]
[EventDate "2016.08.21"]
[EventType "swiss"]
[EventRounds "9"]
[EventCountry "UAE"]
[Source "Chessbase"]
[SourceDate "2016.09.02"]

1. e4 c5 2. Nf3 d6 3. d4 cxd4 4. Nxd4 Nf6 5. Nc3 a6 6. Nb3 e6 7. g4 d5 8. exd5
Bb4 9. Bd2 Nxd5 10. Nxd5 Qxd5 11. Bxb4 Qxh1 12. Qd4 Nc6 13. Qxg7 Qe4+ 14. Kd1
Qe5 15. Qxe5 Nxe5 16. Bc3 f6 17. g5 Rg8 18. Nd2 Rxg5 19. f4 Rh5 20. fxe5 fxe5
21. Be2 Rxh2 22. Bf3 Bd7 23. Bxe5 Rh4 24. Bxb7 Ra7 25. Bf3 Bb5 26. b3 Rf7 27.
c4 Bd7 28. Ke2 Rf5 29. Bg3 Rd4 30. Be4 Rg5 31. Bf2 Rd6 32. Bxh7 Bc6 33. Ne4
Bxe4 34. Bxe4 e5 35. Rg1 Rxg1 36. Bxg1 Rh6 37. c5 Kd7 38. b4 Rh4 39. Kd3 Rh3+
40. Be3 Rh2 41. Bd2 Rh3+ 42. Kc2 Rh4 43. Bb7 a5 44. c6+ Kc7 45. b5 Kb6 46. Ba6
Rh2 47. Kc3 Rh3+ 48. Kc4 Rh4+ 49. Kd3 Ra4 50. Be3+ Kc7 51. b6+ Kxc6 52. Bb5+
Kxb5 53. b7 e4+ 54. Ke2 Rxa2+ 55. Bd2 e3 56. b8=Q+ Ka4 57. Qe8+ Kb3 58. Qxe3+
Ka4 59. Qe8+ Ka3 60. Kd3 Rb2 61. Bc1 1-0

[Event "Ontario op"]
[Site "Brantford CAN"]
[Date "2015.05.16"]
[Round "1.7"]
[White "Zhao, Harry"]
[Black "Thavandiran, Shiyam"]
[Result "0-1"]
[WhiteElo "2093"]
[BlackElo "2432"]
[PlyCount "78"]
[EventDate "2015.05.16"]
[EventType "swiss"]
[EventRounds "6"]
[EventCountry "CAN"]

1. d4 Nf6 2. Nf3 c5 3. e3 d5 4. b3 Bg4 5. Bb2 cxd4 6. exd4 Nc6 7. Be2 e6 8.
Nbd2 Qa5 9. O-O Ba3 10. Bxa3 Qxa3 11. Re1 O-O 12. Qc1 Qd6 13. Qb2 Rac8 14. a3
Qf4 15. Rad1 Rfd8 16. Nf1 Ne7 17. Ng3 Qc7 18. Rd2 Qf4 19. Red1 Rc7 20. Ne5 Rdc8
21. Bf3 Bxf3 22. Nxf3 Nf5 23. Ne5 Nxg3 24. hxg3 Qf5 25. c4 b6 26. Rc1 h6 27.
Rdc2 dxc4 28. Rxc4 Rxc4 29. Rxc4 Rxc4 30. bxc4 Qe4 31. c5 bxc5 32. dxc5 Qe1+
33. Kh2 Qxe5 34. Qc1 Ng4+ 35. Kg1 Qd4 36. Kh1 Qxf2 37. Qd1 Qxg3 38. Kg1 Qe3+
39. Kh1 Nf2+ 0-1

[Event "Ontario op"]
[Site "Brantford CAN"]
[Date "2015.05.16"]
[Round "2.7"]
[White "Thavandiran, Shiyam"]
[Black "Zhou, Qiyu"]
[Result "1-0"]
[WhiteElo "2432"]
[BlackElo "2258"]
[PlyCount "71"]
[EventDate "2015.05.16"]
[EventType "swiss"]
[EventRounds "6"]
[EventCountry "CAN"]

1. e4 e5 2. Bc4 Nc6 3. Nc3 Nf6 4. d3 Bc5 5. Bg5 h6 6. Bh4 Be7 7. Bg3 d6 8. f3
Nh5 9. Bf2 Nf4 10. g3 Nh3 11. Nxh3 Bxh3 12. f4 h5 13. Qd2 Qd7 14. O-O-O a6 15.
Kb1 Rf8 16. d4 O-O-O 17. d5 Nb8 18. Qe3 b6 19. a4 f5 20. a5 b5 21. Bd3 Bf6 22.
Na2 fxe4 23. Bxe4 exf4 24. gxf4 Rde8 25. Qd3 Bg5 26. Bg6 Re7 27. Rhe1 Rxe1 28.
Rxe1 Bxf4 29. Nb4 Bxh2 30. Ba7 Bf5 31. Bxf5 Qxf5 32. Re8+ Kd7 33. Rxf8 Qxf8 34.
Qh3+ Kd8 35. Bxb8 Qf2 36. Qe6 1-0

[Event "Ontario op"]
[Site "Brantford CAN"]
[Date "2015.05.18"]
[Round "5"]
[White "Song, Michael"]
[Black "Thavandiran, Shiyam"]
[Result "0-1"]
[WhiteElo "2405"]
[BlackElo "2432"]
[PlyCount "93"]
[EventDate "2015.05.16"]
[EventType "swiss"]
[EventRounds "6"]
[EventCountry "CAN"]

1. d4 e6 2. c4 Bb4+ 3. Nd2 d5 4. Ngf3 Nf6 5. a3 Be7 6. Qc2 Nbd7 7. g3 c5 8. Bg2
a5 9. O-O O-O 10. cxd5 exd5 11. dxc5 Nxc5 12. Nd4 Bd7 13. b3 Rc8 14. Qb2 Qb6
15. N2f3 Nfe4 16. Be3 Bf6 17. Rab1 Bg4 18. h3 Bxf3 19. exf3 Nd3 20. Qe2 Nexf2
21. Nc2 Rxc2 22. Qxd3 Nxd3 23. Bxb6 Re8 24. Rfd1 Nc5 25. Rxd5 Nxb3 26. Rxb3
Re1+ 27. Bf1 Rcc1 28. Bxa5 Rxf1+ 29. Kg2 Rg1+ 30. Kf2 h6 31. f4 Rh1 32. Rxb7
Rh2+ 33. Kf3 Rf1+ 34. Ke4 Re2+ 35. Kd3 Rg2 36. Bd2 Rxg3+ 37. Ke2 Ra1 38. Bb4
Rxh3 39. Rbd7 Bb2 40. Rd3 Rh2+ 41. Kf3 Bxa3 42. Bc3 Raa2 43. Ra7 Rh3+ 44. Ke4
Re2+ 45. Kd4 Bc5+ 46. Kc4 Re4+ 47. Kd5 0-1

[Event "Ontario op"]
[Site "Brantford CAN"]
[Date "2015.05.18"]
[Round "6.2"]
[White "Thavandiran, Shiyam"]
[Black "Peredun, Andrew"]
[Result "1-0"]
[WhiteElo "2432"]
[BlackElo "2377"]
[PlyCount "67"]
[EventDate "2015.05.16"]
[EventType "swiss"]
[EventRounds "6"]
[EventCountry "CAN"]

1. e4 e5 2. Bc4 Nf6 3. d3 Nc6 4. Nc3 Na5 5. Nge2 Bc5 6. O-O Nxc4 7. dxc4 d6 8.
Qd3 O-O 9. Na4 Be6 10. b3 Nd7 11. Ng3 a5 12. Nxc5 Nxc5 13. Qf3 b6 14. a4 Qh4
15. Bd2 Bd7 16. Rae1 g6 17. Qe3 Ne6 18. Ne2 f5 19. f4 exf4 20. Nxf4 Rae8 21.
Nd5 Nc5 22. Qh6 Qxh6 23. Bxh6 Rf7 24. exf5 Rxe1 25. Rxe1 gxf5 26. Nxc7 Rf6 27.
Bf4 Bc6 28. Nd5 Bxd5 29. cxd5 Kf7 30. g3 Rg6 31. Kg2 Ne4 32. Be3 Nc5 33. Rf1
Kf6 34. Bd4+ 1-0

[Event "CAN-ch University"]
[Site "Toronto CAN"]
[Date "2015.01.11"]
[Round "4"]
[White "Thavandiran, Shiyam"]
[Black "Sprumont, Oscar"]
[Result "1-0"]
[WhiteElo "2438"]
[BlackElo "2108"]
[PlyCount "55"]
[EventDate "2015.01.09"]
[EventType "team"]
[EventRounds "5"]
[EventCountry "CAN"]

1. e4 e6 2. d4 d5 3. Nc3 Bb4 4. a3 Bxc3+ 5. bxc3 dxe4 6. Qg4 Nf6 7. Qxg7 Rg8 8.
Qh6 c5 9. Ne2 Nbd7 10. Nf4 e5 11. dxe5 Nxe5 12. h3 Bd7 13. Rb1 Bc6 14. Bb5 Qe7
15. Bxc6+ Nxc6 16. Rxb7 Qxb7 17. Qxf6 Ne7 18. O-O O-O-O 19. Qxf7 Rdf8 20. Qe6+
Qd7 21. Qxe4 Qc6 22. Qxe7 Rxf4 23. f3 Qg6 24. Qxc5+ Kb7 25. Qd5+ Ka6 26. g4
Rff8 27. Qc4+ Kb7 28. Be3 1-0

[Event "Wch-U20"]
[Site "Chennai IND"]
[Date "2011.08.03"]
[Round "2.14"]
[White "Thavandiran, Shiyam"]
[Black "Lalith, Babu MR"]
[Result "1/2-1/2"]
[WhiteElo "2320"]
[BlackElo "2495"]
[PlyCount "129"]
[EventDate "2011.08.02"]
[EventType "swiss"]
[EventRounds "13"]
[EventCountry "IND"]

1. e4 g6 2. d4 Bg7 3. Nc3 c6 4. Nf3 d6 5. Be3 Nf6 6. h3 Qa5 7. Bd3 Nbd7 8. O-O
O-O 9. a4 e5 10. Qd2 Re8 11. Rfe1 Nf8 12. Bc4 exd4 13. Bxd4 Be6 14. Bxf6 Bxf6
15. Nd5 Qd8 16. Nxf6+ Qxf6 17. Qxd6 Qxb2 18. Bd3 Qc3 19. Rab1 b6 20. Qf4 Qg7
21. e5 Bd5 22. Be4 Ne6 23. Qd2 Rad8 24. Qc3 c5 25. a5 bxa5 26. Bxd5 Rxd5 27.
Rb7 Qh6 28. Rxa7 Qf4 29. Qxa5 Red8 30. Ra8 Kg7 31. Rxd8 Rxd8 32. Qc3 Rd5 33. g3
Qf5 34. Kg2 Nd4 35. Nxd4 cxd4 36. Qd3 Qe6 37. Re4 Rc5 38. h4 h5 39. Rxd4 Qc6+
40. Qe4 Qxe4+ 41. Rxe4 Rxc2 42. Kf3 Rc6 43. Rd4 f6 44. Rd7+ Kh6 45. Ke4 fxe5
46. Kxe5 Rc2 47. f3 Rg2 48. Kf4 Ra2 49. Rf7 Ra4+ 50. Ke5 Ra5+ 51. Kf6 Ra6+ 52.
Ke7 Ra7+ 53. Kf6 Ra6+ 54. Ke5 Ra5+ 55. Ke4 Ra4+ 56. Ke3 Ra3+ 57. Kf2 Ra2+ 58.
Kg1 Ra1+ 59. Kg2 Ra2+ 60. Kh3 Ra3 61. f4 Ra1 62. Rf6 Kg7 63. Rb6 Ra2 64. Rb5
Rf2 65. Ra5 1/2-1/2

[Event "Wch-U20"]
[Site "Chennai IND"]
[Date "2011.08.04"]
[Round "3.20"]
[White "Kovalev, Vladislav"]
[Black "Thavandiran, Shiyam"]
[Result "1-0"]
[WhiteElo "2439"]
[BlackElo "2320"]
[PlyCount "47"]
[EventDate "2011.08.02"]
[EventType "swiss"]
[EventRounds "13"]
[EventCountry "IND"]

1. e4 e6 2. d4 d5 3. Nd2 c5 4. exd5 Qxd5 5. Ngf3 cxd4 6. Bc4 Qd6 7. O-O Nf6 8.
Nb3 Nc6 9. Nbxd4 Nxd4 10. Nxd4 Bd7 11. Be3 Qc7 12. Qe2 O-O-O 13. h3 Bd6 14.
Rfd1 Kb8 15. Bb3 Bh2+ 16. Kh1 Bf4 17. Rd3 g5 18. Re1 e5 19. Bxf4 exf4 20. Bxf7
Bxh3 21. Be6 f3 22. Qxf3 Bxe6 23. Nxe6 Rxd3 24. Qxf6 1-0

[Event "Wch-U20"]
[Site "Chennai IND"]
[Date "2011.08.05"]
[Round "4.35"]
[White "Thavandiran, Shiyam"]
[Black "Barbier, Sigiswald"]
[Result "1-0"]
[WhiteElo "2320"]
[BlackElo "2088"]
[PlyCount "79"]
[EventDate "2011.08.02"]
[EventType "swiss"]
[EventRounds "13"]
[EventCountry "IND"]

1. e4 c5 2. Nf3 g6 3. d4 cxd4 4. Qxd4 Nf6 5. e5 Nc6 6. Qa4 Nd5 7. Qe4 Nb6 8.
Nc3 d5 9. exd6 Bf5 10. Qh4 Bg7 11. Bh6 Bf6 12. Qf4 Qxd6 13. Qxd6 exd6 14. Nb5
Ke7 15. O-O-O Rhd8 16. Bd3 Be6 17. Rhe1 Ne5 18. Nxe5 dxe5 19. Be3 Kf8 20. Nc7
Rac8 21. Nxe6+ fxe6 22. f3 Kf7 23. g3 Nd5 24. Bf2 a6 25. Kb1 b5 26. c3 Rc6 27.
Be4 Rcd6 28. Rd3 b4 29. cxb4 R6d7 30. a3 Bg5 31. Red1 Ke8 32. Re1 Kf7 33. Red1
Ke8 34. Bc5 Bh6 35. Ka2 Bg5 36. Kb3 Bh6 37. Kc4 Ne3+ 38. Bxe3 Bxe3 39. Rxd7
Rxd7 40. Bc6 1-0

[Event "Wch-U20"]
[Site "Chennai IND"]
[Date "2011.08.06"]
[Round "5.24"]
[White "Debashish, Das"]
[Black "Thavandiran, Shiyam"]
[Result "1/2-1/2"]
[WhiteElo "2396"]
[BlackElo "2320"]
[PlyCount "106"]
[EventDate "2011.08.02"]
[EventType "swiss"]
[EventRounds "13"]
[EventCountry "IND"]

1. d4 e6 2. c4 Nf6 3. Nc3 Bb4 4. Qc2 d5 5. a3 Bxc3+ 6. Qxc3 dxc4 7. Qxc4 b6 8.
Bf4 Ba6 9. Qxc7 Qxc7 10. Bxc7 Nc6 11. Nf3 Rc8 12. Bd6 Na5 13. b4 Nb3 14. Rb1
Ne4 15. Bf4 Rc3 16. a4 O-O 17. g3 g5 18. Nxg5 Nxg5 19. Bxg5 Nxd4 20. Bf6 Nc2+
21. Kd2 Rc7 22. e4 Bxf1 23. Rhxf1 Na3 24. Rbc1 Nc4+ 25. Ke2 Rfc8 26. Rfd1 a6
27. h4 h5 28. g4 hxg4 29. Rg1 Nd6 30. Rxg4+ Kh7 31. Rd1 Ne8 32. Be5 Re7 33. Bd4
Rc4 34. Bxb6 Rxb4 35. Bc5 Rb2+ 36. Kf3 Rc7 37. Be3 Rb4 38. Rdg1 f6 39. a5 Rb5
40. Bb6 f5 41. exf5 Rxf5+ 42. Kg2 Rcf7 43. Kh2 Nf6 44. Rg5 Nd5 45. Bc5 Rxg5 46.
Rxg5 Rf4 47. Kg3 Ra4 48. Re5 Rxa5 49. Be3 Ra3 50. Rxe6 Nxe3 51. fxe3 Ra1 52. e4
a5 53. Kf4 a4 1/2-1/2

[Event "Wch-U20"]
[Site "Chennai IND"]
[Date "2011.08.09"]
[Round "7.20"]
[White "Shyam, Sundar"]
[Black "Thavandiran, Shiyam"]
[Result "1-0"]
[WhiteElo "2478"]
[BlackElo "2320"]
[PlyCount "51"]
[EventDate "2011.08.02"]
[EventType "swiss"]
[EventRounds "13"]
[EventCountry "IND"]

1. e4 e6 2. d4 d5 3. Nc3 Bb4 4. e5 b6 5. a3 Bf8 6. Nf3 Ne7 7. h4 Ba6 8. Bxa6
Nxa6 9. Qd3 Nb8 10. O-O Qd7 11. b4 a5 12. b5 c5 13. a4 c4 14. Qe3 Nf5 15. Qf4
h5 16. Ne2 g6 17. Ng5 Be7 18. Ng3 Qd8 19. Nxf5 gxf5 20. Qg3 Rg8 21. Qf3 Rh8 22.
g3 Bxg5 23. Bxg5 Qc7 24. Bf6 Rh7 25. Qa3 Kd7 26. Qf8 1-0

[Event "Wch-U20"]
[Site "Chennai IND"]
[Date "2011.08.10"]
[Round "8.34"]
[White "Thavandiran, Shiyam"]
[Black "Lokesh, N."]
[Result "0-1"]
[WhiteElo "2320"]
[BlackElo "2090"]
[PlyCount "68"]
[EventDate "2011.08.02"]
[EventType "swiss"]
[EventRounds "13"]
[EventCountry "IND"]

1. e4 e5 2. Nf3 Nf6 3. Nxe5 d6 4. Nc4 Nxe4 5. Nc3 Nxc3 6. bxc3 d5 7. Ne3 Be6 8.
Qf3 Nd7 9. d4 Nf6 10. Rb1 Rb8 11. Bd3 g6 12. O-O Bd6 13. c4 O-O 14. g3 Be7 15.
cxd5 Nxd5 16. Bd2 c5 17. dxc5 Bxc5 18. Ng4 Bd4 19. c4 Nf6 20. Nxf6+ Qxf6 21.
Bf4 b6 22. Rfe1 Rbc8 23. Qb7 Bxc4 24. Rbc1 Be6 25. Rxc8 Rxc8 26. h4 h6 27. Qxa7
g5 28. hxg5 hxg5 29. Be3 Bxe3 30. Rxe3 Rc1+ 31. Kg2 Qh6 32. Qb8+ Kg7 33. Kf3
Qh1+ 34. Ke2 Qd1# 0-1

[Event "Wch-U20"]
[Site "Chennai IND"]
[Date "2011.08.12"]
[Round "10.35"]
[White "Gireman, Ja"]
[Black "Thavandiran, Shiyam"]
[Result "1-0"]
[WhiteElo "2084"]
[BlackElo "2320"]
[PlyCount "147"]
[EventDate "2011.08.02"]
[EventType "swiss"]
[EventRounds "13"]
[EventCountry "IND"]

1. e4 c5 2. Nf3 Nc6 3. d4 cxd4 4. Nxd4 e5 5. Nb5 d6 6. N1c3 a6 7. Na3 Be7 8.
Be3 b5 9. Nd5 Rb8 10. c4 b4 11. Nc2 Nf6 12. Bd3 O-O 13. O-O Nd7 14. Bd2 a5 15.
b3 Nc5 16. Be3 Bg5 17. Qd2 h6 18. Rad1 Rb7 19. f3 Be6 20. Qf2 Bxe3 21. Ndxe3 a4
22. Na1 Ra7 23. Bc2 Nd4 24. bxa4 Nxc2 25. Naxc2 Rxa4 26. Rd2 Qa5 27. Rfd1 Ra8
28. h3 Ra6 29. Kh2 Rb6 30. Na1 Ra3 31. Nf5 Bxf5 32. exf5 Qa6 33. Rc2 Qc8 34.
Qh4 f6 35. Qh5 Rba6 36. Rdd2 Nd3 37. Nb3 Nf4 38. Qg4 h5 39. Qg3 Rc6 40. Qe1
Rxc4 41. Rxc4 Qxc4 42. Qh4 Qf7 43. g3 Nd5 44. Qe4 Ne7 45. Qxb4 Ra6 46. Qb7 Ra4
47. g4 hxg4 48. hxg4 g6 49. Qb8+ Qf8 50. Qxd6 gxf5 51. gxf5 Rh4+ 52. Kg1 Rh5
53. Rg2+ Kh8 54. Nc5 Rxf5 55. Rh2+ Kg8 56. Qe6+ Kg7 57. Qxf5 Nxf5 58. Ne6+ Kf7
59. Nxf8 Kxf8 60. Rb2 Nd4 61. Kf2 Ke7 62. a4 Nc6 63. Rb5 f5 64. a5 Kd7 65. a6
Kc7 66. Rb7+ Kc8 67. Rf7 Kb8 68. Rxf5 Ka7 69. Ke3 Kxa6 70. Ke4 Kb7 71. Rxe5
Nxe5 72. Kxe5 Kc7 73. Ke6 Kd8 74. Kf7 1-0

[Event "Wch-U20"]
[Site "Chennai IND"]
[Date "2011.08.15"]
[Round "13"]
[White "Santos, Hugo Lima"]
[Black "Thavandiran, Shiyam"]
[Result "1/2-1/2"]
[WhiteElo "2078"]
[BlackElo "2320"]
[PlyCount "137"]
[EventDate "2011.08.02"]
[EventType "swiss"]
[EventRounds "13"]
[EventCountry "IND"]

1. e4 e6 2. Nc3 d5 3. Nf3 Nf6 4. e5 Nfd7 5. d4 c5 6. dxc5 Nc6 7. Bf4 Nxc5 8.
Bd3 Be7 9. Bg3 O-O 10. O-O f5 11. exf6 Bxf6 12. Re1 a6 13. Qd2 b5 14. Ne5 Nxe5
15. Bxe5 b4 16. Nd1 Bxe5 17. Rxe5 Qf6 18. Rh5 Nxd3 19. cxd3 d4 20. Qg5 Bd7 21.
Qxf6 gxf6 22. b3 Rac8 23. Nb2 Rc2 24. Nc4 e5 25. f3 Be8 26. Rh3 Bg6 27. f4 exf4
28. Re1 Rxa2 29. Nd6 a5 30. Rf3 Rb2 31. Rxf4 Rxb3 32. Ra1 Bxd3 33. Rg4+ Bg6 34.
h4 Kh8 35. Rxa5 d3 36. Nc4 Rd8 37. h5 Bf7 38. Nd6 Bxh5 39. Rd4 Bg6 40. Nf7+
Bxf7 41. Rxd8+ Kg7 42. Ra7 Kg6 43. Rb7 Rb1+ 44. Kh2 Bc4 45. Rd4 b3 46. Rxc4 d2
47. Rd4 d1=Q 48. Rxd1 Rxd1 49. Rxb3 h5 50. g3 Kg5 51. Rb2 Re1 52. Kg2 f5 53.
Ra2 Kg4 54. Ra4+ Re4 55. Ra2 h4 56. gxh4 Re3 57. Ra4+ f4 58. h5 Re2+ 59. Kf1
Rh2 60. Ra3 Rxh5 61. Rb3 Re5 62. Ra3 Re4 63. Rb3 f3 64. Rb8 Kg3 65. Rg8+ Rg4
66. Rxg4+ Kxg4 67. Kf2 Kf4 68. Kf1 Ke3 69. Ke1 1/2-1/2

[Event "CAN-op (Pinnacle 48th CAN Op Ch)"]
[Site "Toronto CAN"]
[Date "2011.07.10"]
[Round "2"]
[White "Abrahams, Daniel"]
[Black "Thavandiran, Shiyam"]
[Result "0-1"]
[WhiteElo "2161"]
[BlackElo "2447"]
[PlyCount "56"]
[EventDate "2011.07.09"]
[EventType "swiss"]
[EventRounds "9"]
[EventCountry "CAN"]

1. e4 e6 2. Qe2 c5 3. Nf3 Nc6 4. g3 g6 5. Na3 d6 6. Bg2 Bg7 7. c3 Nge7 8. Nc2
e5 9. d3 O-O 10. Be3 f5 11. Qd2 f4 12. gxf4 exf4 13. Bxf4 Bg4 14. Ng1 Ne5 15.
Bxe5 dxe5 16. f3 Nc6 17. O-O-O Be6 18. Kb1 Qa5 19. c4 Qa6 20. Qc3 b5 21. Ne3
Nd4 22. Nd5 bxc4 23. dxc4 Rab8 24. h4 Bxd5 25. cxd5 Nb5 26. Qd2 Bh6 27. Qxh6
Nc3+ 28. Kc1 Qxa2 0-1

[Event "CAN-op (Pinnacle 48th CAN Op Ch)"]
[Site "Toronto CAN"]
[Date "2011.07.12"]
[Round "4"]
[White "Humphreys, Michael"]
[Black "Thavandiran, Shiyam"]
[Result "0-1"]
[WhiteElo "2277"]
[BlackElo "2447"]
[PlyCount "91"]
[EventDate "2011.07.09"]
[EventType "swiss"]
[EventRounds "9"]
[EventCountry "CAN"]

1. c4 e5 2. g3 Nc6 3. Nc3 Bb4 4. Nd5 Bc5 5. Bg2 Nf6 6. e3 Nxd5 7. cxd5 Nb4 8.
d4 exd4 9. exd4 Bd6 10. a3 Na6 11. Ne2 O-O 12. O-O Re8 13. Nc3 Bf8 14. Ne4 d6
15. Bg5 f6 16. Be3 Bf5 17. Nc3 Nb8 18. h3 Nd7 19. Rc1 Nb6 20. Nb5 Re7 21. Qb3
Bd7 22. Nc3 Qe8 23. Rfe1 a5 24. Ne2 a4 25. Qb4 Rc8 26. h4 h6 27. Nf4 g5 28.
hxg5 hxg5 29. Ne6 Nxd5 30. Bxd5 Bxe6 31. Bxb7 Qh5 32. Bg2 Rh7 33. Qxa4 d5 34.
Qc6 Bd6 35. Bxd5 Bxd5 36. Qxd5+ Kg7 37. Qg2 Rch8 38. Qb7 Qg4 39. Rxc7+ Bxc7 40.
Qxc7+ Kg6 41. Qc2+ Kg7 42. Qc7+ Kh6 43. Qc6 Qf5 44. Qc5 Qf3 45. Qc2 Kg7 46.
Qc7+ 0-1

[Event "CAN-op (Pinnacle 48th CAN Op Ch)"]
[Site "Toronto CAN"]
[Date "2011.07.13"]
[Round "5"]
[White "Thavandiran, Shiyam"]
[Black "Arencibia, Walter"]
[Result "0-1"]
[WhiteElo "2447"]
[BlackElo "2537"]
[PlyCount "86"]
[EventDate "2011.07.09"]
[EventType "swiss"]
[EventRounds "9"]
[EventCountry "CAN"]

1. e4 e5 2. Nf3 Nc6 3. d4 exd4 4. Nxd4 Nf6 5. Nxc6 bxc6 6. e5 Qe7 7. Qe2 Nd5 8.
c4 Nb6 9. Nc3 a5 10. f4 Qe6 11. Qe4 d5 12. exd6 cxd6 13. Be3 Qxe4 14. Nxe4 f5
15. Nxd6+ Bxd6 16. Bxb6 c5 17. O-O-O Ke7 18. Be2 Ra6 19. Rxd6 Kxd6 20. Rd1+ Kc6
21. Bd8 Kb7 22. Bf3+ Kb8 23. Be7 Bb7 24. Bxc5 Bxf3 25. gxf3 Rh6 26. Rd2 Rc8 27.
Bd6+ Kb7 28. b3 Rd8 29. c5 Rh3 30. Re2 Rd7 31. Rf2 Kc6 32. a3 Rf7 33. b4 axb4
34. axb4 Rb7 35. Rb2 Rxf3 36. Kb1 Rc3 37. Ka2 Rc4 38. Ka3 Kb5 39. Rb3 Ra7+ 40.
Kb2 Ra4 41. Rh3 Rcxb4+ 42. Kc1 Ra1+ 43. Kc2 Ra2+ 0-1